| 000 | 00990nam a2200205Ia 4500 | ||
|---|---|---|---|
| 999 |
_c38176 _d38176 |
||
| 001 | 4166 | ||
| 003 | GE_BSU | ||
| 005 | 20190926102004.0 | ||
| 008 | 181216s1964||||ge |||||||||||||| ||geo|| | ||
| 040 | _cGE_BSU | ||
| 041 | _ageo | ||
| 080 | _a39(479.22) ქ–27 | ||
| 245 |
_aქართველი ხალხის სამეურნეო ყოფა და მატერიალური კულტურა : _bეთნოგრ. ნარკვევის კრებული / _cრედ. გ. კუბლაშვილი. |
||
| 264 |
_a თბ. : _b საბჭ. საქართველო, _c1964. |
||
| 300 |
_a258 გვ. ; _b22 სმ. |
||
| 520 | _aრეზ. რუს. ენ. | ||
| 653 | _aქართველი ხალხის სამეურნეო ყოფა და მატერიალური კულტურა. | ||
| 700 |
_aკუბლაშვილი, გ. _eრედაქტორი _91239 |
||
| 942 |
_cBK _2udc |
||